000 04964nab a2200361 i 4500
003 BR-BrBNA
005 20240712143352.0
008 240712b2016 bl.qr|pooa||| 00| 0 por |
040 _aBR-BrBNA
_bpor
072 _aF60
100 _aSilva, A.L.L.
100 _aAraujo, M.G.S.
100 _aBastos, M.L.A.
100 _aBernardo, T.H.L.
100 _aOliveira, J.F.S.
100 _aSilva-Junior, E.F.
100 _aSantos-Junior, P.F.S.
100 _aAraujo, M.V.
100 _aAlexandre-Moreira, M.S.
100 _aAraújo-Júnior, J.X.
100 _aVerissimo, R.C.S.S.
245 _aAvaliação da atividade antibacteriana, citotóxica e antioxidante da espécie vegetal Opuntia cochenillifera (L.) Mill
500 _aPublicação on-line; 33 ref.; 1 table; 5 illus.; Summaries (En, Pt)
520 _a RESUMO: O presente estudo teve como objetivo avaliar a atividade antibacteriana, antioxidante e citotóxica da espécie Opuntia cochenillifera (L.) Mill. Foi realizada a prospecção fitoquímica e espectroscopia de absorção de infravermelho (IV) dos extratos etanólicos brutos e frações dos cladódios grande e pequeno. A atividade antioxidante foi avaliada pelo método da capacidade sequestradora de radicais livres utilizando o radical sintético 2,2-difenil-1-picrilhidrazila (DPPH). A atividade citotóxica foi obtida através do método colorimétrico do Metiltetrazolium (MTT). Já a atividade antibacteriana foi avaliada pelo método de microdiluição em caldo para determinar a concentração inibitória mínima (CIM) frente às estirpes bacterianas Staphylococcus aureus, Staphylococcus epidermidis, Pseudomonas aeruginosa e Escherichia coli. A prospecção fitoquímica revelou principalmente a presença de fenóis, esteroides livres, alcaloides, alcanos, além de outras classes químicas. O IV apresentou grupos funcionais como alcanos, carbonilas, grupos de metila, duplas ligações de carbono, grupamentos alquilamina, entre outros. Sobre a citotoxicidade na concentração de 100 μg/mL, os dois extratos brutos, todas as frações do cladódio grande e as frações de clorofórmio e metanol do cladódio pequeno não apresentaram toxicidade. Os extratos brutos e frações do cladódio grande e pequeno, não demonstraram atividade antibacteriana e nem antioxidante. Esses resultados podem fornecer suporte para pesquisas futuras, visando outras atividades biológicas da presente espécie vegetal. Palavras-chave: Opuntia cochenillifera (L.) Mill. Composição química. Atividade antibacteriana. Atividade citotóxica. Antioxidante.
520 _a ABSTRACT: Evaluation of antibacterial, cytotoxic, and antioxidant activity of the plant species Opuntia cochenillifera (L.) Mill. The purpose of this study was to evaluate the antibacterial, antioxidant, and cytotoxic activity of Opuntia cochenillifera (L.) Mill. A phytochemical screening and infrared (IR) absorption spectroscopy were performed in the crude ethanolic extracts and fractions of large and small cladodes. The antioxidant activity was evaluated through the qualitative method of free-radical scavenging capacity using the synthetic radical 2,2-diphenyl-1-picrylhydrazyl (DPPH). The cytotoxic activity was obtained by the cell viability assay using methyl thiazolyl tetrazolium (MTT). Antibacterial activity was evaluated by broth microdilution method to determine the minimum inhibitory concentration (MIC) against the bacterial strains Staphylococcus aureus, Staphylococcus epidermidis, Pseudomonas aeruginosa, and Escherichia coli. The phytochemical screening mainly revealed the presence of phenols, flavonoids, free steroids, alkaloids, alkanes, and other chemical classes. The IR spectroscopy presented functional groups such as alkanes, carbonyls, methyl groups, carbon double bonds, and alkylamino groups, among others. Regarding cytotoxicity in the concentration of 100 μg/mL, neither the crude extracts, the fractions of the large cladode, nor the chloroform and methanol fractions of small cladode presented toxicity. The crude ethanolic extracts and fractions of large and small cladode showed no antibacterial or antioxidant activity. These results may provide support for future research aimed at other biological activities of this plant species. Keywords: Opuntia cochenillifera (L.) Mill., chemical composition, antibacterial activity, cytotoxic activity, antioxidant.
650 _aPLANTA MEDICINAL
650 _aCOMPOSIÇÃO QUÍMICA
650 _aANTIOXIDANTE
773 0 _03543
_9316623
_dBotucatu-SP Instituto de Biociências - Departamento de Química e Bioquímica 1998
_o2024-3140
_tRevista Brasileira de Plantas Medicinais (Brazil)
_x1516-0572
_gv. 18(1 suppl. 1) p. 307-315; (2016)
_wBR2024002020
856 _uhttps://www.scielo.br/j/rbpm/a/phrNJVBRJKzXdLYR4HCXsPy/?format=pdf&lang=pt
942 _cAnalítica
999 _c300501
_d300501